| 000 | 00518nam a2200217Ia 4500 | ||
|---|---|---|---|
| 003 | OSt | ||
| 005 | 20240104104418.0 | ||
| 008 | 210210b2007 xxu||||| |||| 00| 0 eng d | ||
| 040 | _cAL | ||
| 041 | _aeng | ||
| 082 | _a330 UDAP | ||
| 100 |
_aUDAYASHANKAR (S) _9147265 |
||
| 245 | _aPrinciples of economics | ||
| 250 | _a5 | ||
| 260 |
_aMangalore _bMangala Publications. _c2007 |
||
| 300 | _avi,154 | ||
| 650 |
_a I SEM BBM _9147266 |
||
| 690 |
_aEconomic Theory _9147272 |
||
| 906 | _a062066 | ||
| 942 |
_2ddc _cBK |
||
| 999 |
_c116740 _d116740 |
||